| 000 -CABECERA |
| Longitud fija campo de control |
00581nam a2200193 a 4500 |
| 001 - NÚMERO DE CONTROL |
| Número de control |
3213 |
| 003 - IDENTIFICADOR DEL NÚMERO DE CONTROL |
| Identificador del número de control |
CDMR |
| 005 - FECHA Y HORA DE LA ÚLTIMA TRANSACCIÓN |
| Fecha y hora de la última transacción |
20131129100801.0 |
| 008 - CÓDIGOS DE INFORMACIÓN DE LONGITUD FIJA |
| Códigos de información de longitud fija |
130130s2006||||||||||||||||||||||||||||d |
| 020 ## - NÚMERO INTERNACIONAL NORMALIZADO PARA LIBROS |
| Número Internacional Normalizado para Libros (ISBN) |
8439372698 |
| 040 ## - FUENTE DE LA CATALOGACIÓN |
| Centro catalogador de origen |
CDMR |
| Lengua de catalogación |
cat |
| Centro transcriptor |
CPC LLEIDA |
| 245 10 - MENCIÓN DE TÍTULO |
| Título |
Press subsidies in Europe |
| Mención de responsabilidad, etc. |
Isabel Fernández Alonso ... [et al.] (editors) |
| 260 ## - PUBLICACIÓN, DISTRIBUCIÓN, ETC. (PIE DE IMPRENTA) |
| Lugar de publicación, distribución, etc. |
Barcelona |
| Fecha de publicación, distribución, etc. |
2006 |
| Nombre del editor, distribuidor, etc. |
Generalitat de Catalunya |
| 490 0# - MENCIÓN DE SERIE |
| Mención de serie |
Col·lecció Lexikon |
| 650 04 - PUNTO DE ACCESO ADICIONAL DE MATERIA - TÉRMINO DE MATERIA |
| 9 (RLIN) |
311 |
| Término de materia o nombre geográfico como elemento inicial |
Empreses periodístiques |
| 650 04 - PUNTO DE ACCESO ADICIONAL DE MATERIA - TÉRMINO DE MATERIA |
| 9 (RLIN) |
4415 |
| Término de materia o nombre geográfico como elemento inicial |
Premsa |
| Subdivisión de materia general |
Subvencions |
| 700 1# - PUNTO DE ACCESO ADICIONAL - NOMBRE DE PERSONA |
| 9 (RLIN) |
2331 |
| Nombre de persona |
Fernández Alonso, Isabel |
| 942 ## - ENTRADA DE ELEMENTOS AGREGADOS (KOHA) |
| Koha [por defecto] tipo de item |
Monografies |
| Fuente de clasificaión o esquema |
|